000 00626pab a2200169 454500
008 180718b1999 xxu||||| |||| 00| 0 eng d
100 _aKhare, M.P.
245 _aAssessing crops index number muddle
260 _c1999
300 _ap.1982-984
362 _a17 Jul
520 _aAn index number of agricultural growth is used for the overall assessment of agricultural growth. In Maharashtra an error was made in constructing the index number some 25 years ago, and has gone unnoticed. - Reproduced
650 _aAgriculture - India
650 _aAgriculture
773 _aEconomic and Political Weekly
909 _a41653
999 _c41653
_d41653